STN EN 16035: 2024 (16 6017), Výrobkové listy kovaní (HPS). Identifikácia a prehľad dokladov o skúšaní na zjednodušenie vzájomnej zameniteľnosti stavebných kovaní na používanie pri zostavách dverí a/alebo otváravých oknách s požiarnou odolnosťou a/alebo dymotesnosťou

Táto slovenská technická norma je slovenskou verziou európskej normy EN 16035: 2023. Preklad zabezpečil Úrad pre normalizáciu, metrológiu a skúšobníctvo Slovenskej republiky. Táto norma má rovnaké postavenie, ako majú oficiálne verzie

Bibliographic Details
Other Authors: Rypák, Rudolf (Translator)
Format: Book
Language:Slovak
English
PhysicalDescription:16 strán obrázky, tabuľky 30 cm
Published: Bratislava Úrad pre normalizáciu, metrológiu a skúšobníctvo Slovenskej republiky 2024
Subjects:

MARC

LEADER 00000cam a2200000 a 4500
001 vtls012265295
003 SK-MaSNL
005 20260512081707.0
008 241011s2024 xo a f nu 000 0 slo
015 |a SNBN2025 
040 |a SNK  |b slo  |c SNK  |e AACR2 
041 1 |a slo  |h eng 
044 |a xo  |c SK 
046 |a s  |m 20241001 (účin.) 
072 7 |a 683  |x Železiarstvo. Zámočníctvo. Ohrievacie zariadenia  |2 konspekt 
072 7 |a 621  |x Strojárstvo  |2 konspekt 
080 |a 683.36  |2 2011 
080 |a 006.7/.8  |2 2001 
080 |a (437.6)  |2 2001 
080 |a (4)  |2 2001 
080 |a 621.73  |2 2011 
084 |a 91.190  |2 ICS 
130 0 |a STN 16 6017 (STN EN 16035)  |9 625060 
245 1 0 |a STN EN 16035: 2024 (16 6017), Výrobkové listy kovaní (HPS). Identifikácia a prehľad dokladov o skúšaní na zjednodušenie vzájomnej zameniteľnosti stavebných kovaní na používanie pri zostavách dverí a/alebo otváravých oknách s požiarnou odolnosťou a/alebo dymotesnosťou 
246 1 0 |a Výrobkové listy kovaní (HPS) 
246 1 0 |a Identifikácia a prehľad dokladov o skúšaní na zjednodušenie vzájomnej zameniteľnosti stavebných kovaní na používanie pri zostavách dverí a/alebo otváravých oknách s požiarnou odolnosťou a/alebo dymotesnosťou 
246 3 0 |a EN 16035: 2023 SK 
260 |a Bratislava  |b Úrad pre normalizáciu, metrológiu a skúšobníctvo Slovenskej republiky  |c 2024 
300 |a 16 strán  |b obrázky, tabuľky  |c 30 cm 
500 |a Súbežný názov v angličtine, francúzštine, nemčine 
500 |a Spracovateľ: Rudolf Rypák - EMITA, Piešťany 
500 |a Táto slovenská technická norma nahrádza anglickú verziu STN EN 16035 z mája 2024 v celom rozsahu 
504 |a Normatívne referenčné dokumenty na strane 2 a bibliografia na strane 16 
520 8 0 |a Táto slovenská technická norma je slovenskou verziou európskej normy EN 16035: 2023. Preklad zabezpečil Úrad pre normalizáciu, metrológiu a skúšobníctvo Slovenskej republiky. Táto norma má rovnaké postavenie, ako majú oficiálne verzie 
540 |a STN vydané na akomkoľvek nosiči sa môžu rozmnožovať a rozširovať iba so súhlasom určenej právnickej osoby  |b SÚTN Bratislava  |c zákon 264/1999 Z. z. 
650 0 7 |a kovanie dverí  |2 SNKPH  |9 123798 
650 0 7 |a technické normy a štandardy  |z Slovensko  |2 SNKPH  |9 79594 
650 0 7 |a technické normy a štandardy  |z krajiny Európskej únie  |2 SNKPH  |9 289341 
650 0 7 |a kovanie  |2 SNKPH  |9 19488 
650 0 7 |a door fittings  |2 SNKPHeng  |9 321656 
650 0 7 |a Forging  |2 SNKPHeng  |9 416467 
655 7 |a normy  |2 SNKPH  |9 70643 
700 1 |a Rypák, Rudolf  |4 trl  |9 303044 
710 1 |a Slovensko.  |b Úrad pre normalizáciu, metrológiu a skúšobníctvo  |4 stn  |9 158117 
710 |a Slovenský ústav technickej normalizácie (Bratislava, Slovensko).  |b Technická komisia č. 96 Otvorové výplne a ľahké obvodové plášte  |4 stn  |9 314508 
710 2 |a EMITA (Piešťany, Slovensko)  |4 stn  |9 166433 
958 |a NB 
958 |a OP 
999 |c 960214  |d 962144 
952 |a SNK  |b SNK  |y NEVYP  |7 1  |p 17A1554310  |o snkSTN EN 16035  |i snk2025/5880  |8 0  |0 0  |1 0  |4 0  |d 2025-04-03  |l 0  |r 2026-02-24 10:16:46  |w 2026-02-24